| 000 -LEADER |
| fixed length control field |
00324cam a22001097a 4500 |
| 008 - FIXED-LENGTH DATA ELEMENTS--GENERAL INFORMATION |
| fixed length control field |
180718b1965 xxu||||| |||| 00| 0 eng d |
| 082 ## - DEWEY DECIMAL CLASSIFICATION NUMBER |
| Classification number |
Y4068 In2m |
| 100 ## - MAIN ENTRY--PERSONAL NAME |
| Personal name |
Chacko, V.J. |
| 245 ## - TITLE STATEMENT |
| Title |
A manual on sampling techniques for forest surveys |
| Statement of responsibility, etc. |
by V.J. Chacko |
| 260 ## - PUBLICATION, DISTRIBUTION, ETC. |
| Place of publication, distribution, etc. |
Delhi |
| Name of publisher, distributor, etc. |
Manager of Publications |
| Date of publication, distribution, etc. |
1965 |
| 300 ## - PHYSICAL DESCRIPTION |
| Extent |
172+p. |